LDR 00997naa#a2200181#i#450# 001 RU\\bibl\121197 005 20260513031803.3 011 ## _a2409-1073 100 ## _a20141121b2014####ek#y0rusy0150####ca 101 0# _aRUS 102 ## _aRU 200 1# _aДуховность современной личности и пути ее формирования _eЖурнальная статья 210 1# _aМосква _cФедеральное государственное автономное образовательное учреждение высшего образования Национальный исследовательский университет "Московский институт электронной техники" _d2014 215 ## _a4 с. 608 ## _aЖурнальная статья _2local 675 ## _aФормирование интеллекта и личности. 37.03 _zRUS 700 #1 _aЛифинцева _gСветлана Николаевна 856 4# _aesgi-journal.ru _u